| 000 | 00386nam a2200145Ia 4500 | ||
|---|---|---|---|
| 008 | 230312s9999||||xx |||||||||||||| ||und|| | ||
| 082 |
_a657 _bACC |
||
| 100 | _aM.M. MALIK | ||
| 245 | 0 | _aAccounting | |
| 260 |
_bThe Institute of Bankers Pakistan _aKarachi, Pak. _c2003 |
||
| 300 | _a220 | ||
| 546 | _aEng. | ||
| 650 |
_aAccounting _vIntroduction, Principles of Double Entry. |
||
| 942 | _cBK | ||
| 999 |
_c4949 _d4949 |
||